[Event "Gualeguaychu Benvenaste Memorial"]
[Site "Gualeguaychu"]
[Date "2018.11.11"]
[Round "4.3"]
[White "Avendano, Gaston"]
[Black "Sack, Marcos"]
[Result "1-0"]
[WhiteElo "1907"]
[BlackElo "1238"]
[PlyCount "87"]
[EventDate "2018.11.10"]
[EventType "swiss"]
[EventRounds "5"]
[EventCountry "ARG"]
[SourceTitle "EXT 2024"]
[Source "ChessBase"]
[SourceDate "2023.10.10"]
[SourceVersion "1"]
[SourceVersionDate "2023.10.10"]
[SourceQuality "1"]

1. d4 Nf6 2. Nf3 e6 3. e3 Be7 4. Bd3 b6 5. 0-0 Bb7 6. Nbd2 d6 7. e4 0-0 8. Re1 Nbd7 9. Nf1 c5 10. c3 Qc7 11. Ng3 Rfd8 12. Qe2 Nf8 13. h4 Rac8 14. Bd2 c4 15. Bc2 e5 16. Nf5 Ne6 17. Rad1 Bf8 18. d5 Nf4 19. Bxf4 exf4 20. Qd2 Nd7 21. Qxf4 f6 22. N3d4 Ne5 23. Ne6 Qf7 24. Nxd8 Rxd8 25. Rd2 Qh5 26. Bd1 Qf7 27. Re3 Nd3 28. Rg3 Kh8 29. Qe3 Bc8 30. Nd4 f5 31. exf5 Bxf5 32. Qg5 Re8 33. Qxf5 Re1+ 34. Kh2 Qe7 35. Qg5 Qf7 36. Rf3 Qe8 37. Ne6 Rxe6 38. dxe6 Ne5 39. Rf5 Be7 40. Qf4 Nd3 41. Qxc4 Ne5 42. Rxe5 dxe5 43. g3 Bc5 44. Qd5 1-0

[Event "Gualeguaychu Benvenaste Memorial"]
[Site "Gualeguaychu"]
[Date "2018.11.10"]
[Round "3.2"]
[White "Hernandez, Mario"]
[Black "Avendano, Gaston"]
[Result "1/2-1/2"]
[WhiteElo "1697"]
[BlackElo "1907"]
[PlyCount "26"]
[EventDate "2018.11.10"]
[EventType "swiss"]
[EventRounds "5"]
[EventCountry "ARG"]
[SourceTitle "EXT 2024"]
[Source "ChessBase"]
[SourceDate "2023.10.10"]
[SourceVersion "1"]
[SourceVersionDate "2023.10.10"]
[SourceQuality "1"]

1. e4 d5 2. exd5 Qxd5 3. Nc3 Qa5 4. Be2 Nf6 5. Bf3 c6 6. Nge2 Bf5 7. 0-0 e6 8. d3 Nbd7 9. Ng3 Bg6 10. d4 Be7 11. Be3 0-0 12. Qd2 Rfe8 13. a3 Qc7 1/2-1/2

[Event "Concepcion del Uruguay U2200"]
[Site "Concepcion del Uruguay"]
[Date "2018.08.18"]
[Round "3.1"]
[White "Perez, Daniel Guillermo"]
[Black "Avendano, Gaston"]
[Result "1-0"]
[WhiteElo "2123"]
[BlackElo "1917"]
[PlyCount "69"]
[EventDate "2018.08.18"]
[EventType "swiss"]
[EventRounds "5"]
[EventCountry "ARG"]
[SourceTitle "EXT 2024"]
[Source "ChessBase"]
[SourceDate "2023.10.10"]
[SourceVersion "1"]
[SourceVersionDate "2023.10.10"]
[SourceQuality "1"]

1. e4 d5 2. exd5 Qxd5 3. Nc3 Qa5 4. Bc4 Nf6 5. d4 c6 6. Nge2 e6 7. 0-0 Bd6 8. Ng3 Nbd7 9. Nce4 Be7 10. Bf4 0-0 11. Nxf6+ Nxf6 12. c3 c5 13. Be3 Qc7 14. Rc1 cxd4 15. cxd4 Qa5 16. Qd3 Bd7 17. f4 Bc6 18. a3 g6 19. b4 Qd8 20. f5 exf5 21. Bh6 Re8 22. Nxf5 gxf5 23. Qg3+ Ng4 24. Rxf5 Qxd4+ 25. Kh1 Kh8 26. Rf4 Qe3 27. Bg7+ Kxg7 28. Rxg4+ Bg5 29. Rxg5+ Kh8 30. Rg8+ Rxg8 31. Qxe3 Rxg2 32. Bd5 Bxd5 33. Qe5+ f6 34. Qxd5 Rg7 35. Qf5 1-0

[Event "Tack Memorial U2200"]
[Site "Gualeguaychu"]
[Date "2017.03.11"]
[Round "2"]
[White "Avendano, Gaston"]
[Black "Hernandez, Mario"]
[Result "1/2-1/2"]
[WhiteElo "1971"]
[BlackElo "1734"]
[PlyCount "61"]
[EventDate "2017.03.11"]
[EventType "swiss"]
[EventRounds "5"]
[EventCountry "ARG"]
[SourceTitle "EXT 2024"]
[Source "ChessBase"]
[SourceDate "2023.10.10"]
[SourceVersion "1"]
[SourceVersionDate "2023.10.10"]
[SourceQuality "1"]

1. d4 d5 2. Nf3 Nf6 3. Bf4 Bf5 4. e3 e6 5. Be2 Nc6 6. Bb5 Bd6 7. Ne5 Bxe5 8. Bxe5 0-0 9. Bf4 Ne7 10. h3 Ne4 11. Nd2 a6 12. Be2 h6 13. Nf3 Nc6 14. 0-0 Qe7 15. c3 Rab8 16. a4 Bh7 17. a5 Nd6 18. Qa4 Ra8 19. Rfc1 g5 20. Bh2 f5 21. c4 f4 22. Qb3 dxc4 23. Bxc4 Nxc4 24. Rxc4 Be4 25. Rc5 Bxf3 26. gxf3 fxe3 27. Qxe3 Rf6 28. Qe4 Raf8 29. Ra3 Qd7 30. Rc4 Qf7 31. Kg2 1/2-1/2

[Event "Tack Memorial U2200"]
[Site "Gualeguaychu"]
[Date "2017.03.11"]
[Round "1"]
[White "Yujnovsky, German"]
[Black "Avendano, Gaston"]
[Result "1-0"]
[WhiteElo "1676"]
[BlackElo "1971"]
[PlyCount "35"]
[EventDate "2017.03.11"]
[EventType "swiss"]
[EventRounds "5"]
[EventCountry "ARG"]
[SourceTitle "EXT 2024"]
[Source "ChessBase"]
[SourceDate "2023.10.10"]
[SourceVersion "1"]
[SourceVersionDate "2023.10.10"]
[SourceQuality "1"]

1. e4 c6 2. Nf3 d5 3. Nc3 Bg4 4. d4 dxe4 5. Nxe4 Bxf3 6. Qxf3 Qxd4 7. Be3 Qxb2 8. Bc4 Nf6 9. 0-0 Qxc2 10. Nxf6+ gxf6 11. Rfc1 Qg6 12. Rab1 Nd7 13. Rxb7 Ne5 14. Qe2 Rg8 15. f4 Nxc4 16. Rxc4 0-0-0 17. Rxc6+ Kxb7 18. Qa6+ 1-0

[Event "Villaguay op"]
[Site "Villaguay"]
[Date "2016.07.31"]
[Round "7"]
[White "Avendano, Gaston"]
[Black "Landivar, Matias"]
[Result "0-1"]
[WhiteElo "2042"]
[BlackElo "2142"]
[PlyCount "107"]
[EventDate "2016.07.29"]
[EventType "swiss"]
[EventRounds "7"]
[EventCountry "ARG"]
[SourceTitle "CBM 173 Extra"]
[Source "ChessBase"]
[SourceDate "2016.08.29"]
[SourceVersion "1"]
[SourceVersionDate "2016.08.29"]
[SourceQuality "1"]

1. d4 Nf6 2. Nf3 g6 3. Nc3 d5 4. Bf4 c6 5. e3 Bg7 6. Be2 Bf5 7. Ne5 Ne4 8. Nxe4 Bxe4 9. f3 Bf5 10. Qd2 f6 11. Nd3 Nd7 12. g4 Be6 13. 0-0-0 Bf7 14. Bg3 e5 15. Kb1 Qb6 16. c3 0-0-0 17. h4 Rde8 18. Rhe1 Re7 19. f4 Rhe8 20. Bf1 Be6 21. Bh3 h5 22. f5 Bf7 23. g5 gxf5 24. Bxf5 Be6 25. Qf2 fxg5 26. Bxe6 Rxe6 27. hxg5 Qd8 28. Bh4 Nf8 29. Qf7 Qe7 30. Qxh5 Ng6 31. Qg4 Kb8 32. Rf1 Nxh4 33. Qxh4 exd4 34. exd4 Re3 35. Rfe1 a6 36. Rxe3 Qxe3 37. Qf4+ Ka7 38. Qxe3 Rxe3 39. Nf4 Kb8 40. Nh5 Re7 41. Rf1 Kc7 42. g6 Kd8 43. Kc2 Bh6 44. Rg1 Bg7 45. Nxg7 Rxg7 46. b3 Ke7 47. c4 Kf6 48. c5 Rxg6 49. Rxg6+ Kxg6 50. Kd3 Kf5 51. Ke3 Kg4 52. a3 Kg3 53. Ke2 Kf4 54. Kd3 0-1

[Event "Villaguay op"]
[Site "Villaguay"]
[Date "2016.07.30"]
[Round "4"]
[White "Petrich, Pedro Bautista"]
[Black "Avendano, Gaston"]
[Result "1-0"]
[WhiteElo "1888"]
[BlackElo "2042"]
[PlyCount "52"]
[EventDate "2016.07.29"]
[EventType "swiss"]
[EventRounds "7"]
[EventCountry "ARG"]
[SourceTitle "CBM 173 Extra"]
[Source "ChessBase"]
[SourceDate "2016.08.29"]
[SourceVersion "1"]
[SourceVersionDate "2016.08.29"]
[SourceQuality "1"]

1. d4 Nf6 2. c4 e6 3. Nf3 Bb4+ 4. Bd2 Qe7 5. e3 Ne4 6. a3 Bxd2+ 7. Nfxd2 Nxd2 8. Nxd2 d5 9. Rc1 0-0 10. Bd3 c6 11. 0-0 Nd7 12. Qb3 dxc4 13. Bxc4 e5 14. Rfe1 e4 15. f3 Nf6 16. fxe4 Nxe4 17. Nxe4 Qxe4 18. Bd3 Qe7 19. Rc5 Be6 20. Qc2 g6 21. e4 Rad8 22. d5 cxd5 23. exd5 Rc8 24. Rxc8 Rxc8 25. Qf2 Rd8 26. Bc4 Qc7 1-0

[Event "Villaguay op"]
[Site "Villaguay"]
[Date "2016.07.29"]
[Round "2"]
[White "Avendano, Gaston"]
[Black "Gonzalez, Alejandro1111"]
[Result "1-0"]
[WhiteElo "2042"]
[BlackElo "1384"]
[PlyCount "42"]
[EventDate "2016.07.29"]
[EventType "swiss"]
[EventRounds "7"]
[EventCountry "ARG"]
[SourceTitle "CBM 173 Extra"]
[Source "ChessBase"]
[SourceDate "2016.08.29"]
[SourceVersion "1"]
[SourceVersionDate "2016.08.29"]
[SourceQuality "1"]

1. d4 d5 2. Nf3 e6 3. e3 Nf6 4. Bd3 Be7 5. Nbd2 c5 6. c3 a6 7. 0-0 c4 8. Bc2 Nbd7 9. e4 b5 10. e5 Ng8 11. Ne1 f5 12. exf6 Ngxf6 13. Qe2 Nf8 14. Nef3 Ng6 15. Bxg6+ hxg6 16. Ne5 Bd6 17. h3 Bxe5 18. Qxe5 Rh5 19. Qg3 Kf7 20. Re1 Rf5 21. Nf3 Ne4 1-0

[Event "Concordia Entre Rios Independencia"]
[Site "Concordia Entre Rios"]
[Date "2015.07.12"]
[Round "7"]
[White "Avendano, Gaston"]
[Black "Werner, Joaquin"]
[Result "1-0"]
[WhiteElo "2039"]
[BlackElo "1739"]
[PlyCount "86"]
[EventDate "2015.07.09"]
[EventType "swiss"]
[EventRounds "7"]
[EventCountry "ARG"]
[SourceTitle "EXT 2024"]
[Source "ChessBase"]
[SourceDate "2023.10.10"]
[SourceVersion "1"]
[SourceVersionDate "2023.10.10"]
[SourceQuality "1"]

1. e4 e6 2. d4 d5 3. e5 c5 4. c3 Nc6 5. Nf3 cxd4 6. cxd4 Qb6 7. Nc3 Bb4 8. a3 Bxc3+ 9. bxc3 Na5 10. Bd3 Qb3 11. Bc2 Qxc3+ 12. Bd2 Qc7 13. Ba4+ Nc6 14. 0-0 Bd7 15. Rc1 a5 16. Qb3 Nge7 17. Rb1 Ra7 18. Rfc1 h6 19. Rc5 g5 20. h3 Nc8 21. Be3 b6 22. Rcc1 N8e7 23. Nh2 Rb7 24. Ng4 Kd8 25. Nf6 Qb8 26. Bb5 Rc7 27. Qa4 Qb7 28. Rb2 Ng8 29. Nxd7 Kxd7 30. Rcb1 Nge7 31. Bxc6+ Qxc6 32. Rb5 Qc4 33. R1b4 Qc6 34. Rb1 Qc4 35. Qd1 Nf5 36. Rxb6 Nxe3 37. Rd6+ Ke7 38. fxe3 Rg8 39. Qf3 Rg6 40. Rf1 Ke8 41. Rb1 Ke7 42. Rb8 Qc1+ 43. Kh2 Qxa3 1-0

[Event "Concordia Entre Rios Independencia"]
[Site "Concordia Entre Rios"]
[Date "2015.07.11"]
[Round "6"]
[White "Galeano, Franco"]
[Black "Avendano, Gaston"]
[Result "1/2-1/2"]
[WhiteElo "1733"]
[BlackElo "2039"]
[PlyCount "30"]
[EventDate "2015.07.09"]
[EventType "swiss"]
[EventRounds "7"]
[EventCountry "ARG"]
[SourceTitle "EXT 2024"]
[Source "ChessBase"]
[SourceDate "2023.10.10"]
[SourceVersion "1"]
[SourceVersionDate "2023.10.10"]
[SourceQuality "1"]

1. e4 d5 2. exd5 Qxd5 3. Nc3 Qa5 4. Nf3 Nf6 5. d3 c6 6. Bd2 Qc7 7. h3 h6 8. Be2 Bf5 9. 0-0 e6 10. Nd4 Bh7 11. Bf3 Nbd7 12. Re1 Be7 13. Qe2 0-0 14. a4 Bd6 15. a5 a6 1/2-1/2